The Queen's speech 2012 (Record no. 114165)

MARC details
000 -LEADER
fixed length control field 00886cam a22001935a 4500
001 - CONTROL NUMBER
control field L156299
008 - FIXED-LENGTH DATA ELEMENTS--GENERAL INFORMATION
fixed length control field 120511s2012 xxk f 000 0 eng d
035 ## - SYSTEM CONTROL NUMBER
System control number (Sirsi) u156299
041 0# - LANGUAGE CODE
Language code of text/sound track or separate title eng
110 2# - MAIN ENTRY--CORPORATE NAME
Corporate name or jurisdiction name as entry element United Kingdom
Subordinate unit Cabinet Office
9 (RLIN) 5270
245 04 - TITLE STATEMENT
Title The Queen's speech 2012
Remainder of title Briefing notes
Medium [electronic resource]
260 ## - PUBLICATION, DISTRIBUTION, ETC.
Date of publication, distribution, etc. 2012
520 ## - SUMMARY, ETC.
Summary, etc. Gives briefing notes on each of the announcements, bills and draft bills in the Queen's speech on 9 May 2012. Includes information on the forthcoming Energy Bill which plans to reform the electricity market to ensure secure, clean and affordable electricity.
590 ## - LOCAL NOTE (RLIN)
Local note KA NTK
651 #4 - SUBJECT ADDED ENTRY--GEOGRAPHIC NAME
Geographic name United Kingdom
690 ## - LOCAL SUBJECT ADDED ENTRY--TOPICAL TERM (OCLC, RLIN)
Topical term or geographic name as entry element Energy
9 (RLIN) 6237
856 40 - ELECTRONIC LOCATION AND ACCESS
Uniform Resource Identifier <a href="https://www.cabinetoffice.gov.uk/sites/default/files/resources/Queens-Speech-2012-briefing-notes.pdf">https://www.cabinetoffice.gov.uk/sites/default/files/resources/Queens-Speech-2012-briefing-notes.pdf</a>
Public note View the item free of charge at www.cabinetoffice.gov.uk
942 ## - ADDED ENTRY ELEMENTS (KOHA)
Suppress in OPAC 0
Holdings
Withdrawn status Lost status Source of classification or shelving scheme Damaged status Not for loan Home library Current library Shelving location Date acquired Total Checkouts Full call number Barcode Date last seen Copy number Price effective from Koha item type
    Dewey Decimal Classification     Virtual Virtual Online 11/05/2012   L156299 156299-2001 06/08/2019 1 06/08/2019 Book